[Event "65. BEM 2011"]
[Site "Dortmund"]
[Date "2011.02.17"]
[Round "6.20"]
[White "Skoecz, Horst"]
[Black "Dirks, Rainer"]
[Result "0-1"]
[WhiteElo "1250"]
[BlackElo "1258"]
[PlyCount "126"]
[EventDate "2011.??.??"]
[Source "SG Dortmund"]
[SourceDate "2004.12.16"]

1. e4 e5 2. Nf3 Nf6 3. Nxe5 Qe7 4. d4 d6 5. Nd3 Nxe4 6. Qe2 Nf6 7. Bg5 Nbd7 8.
Nf4 Qxe2+ 9. Bxe2 h6 10. Bxf6 Nxf6 11. O-O Bf5 12. Bd3 Bxd3 13. Nxd3 Kd7 14.
Nc3 g5 15. Rae1 Bg7 16. f4 g4 17. Nb4 a5 18. Nbd5 Nxd5 19. Nxd5 Bxd4+ 20. Kh1
Rae8 21. c3 Bg7 22. f5 Rxe1 23. Rxe1 Re8 24. Rxe8 Kxe8 25. Nxc7+ Ke7 26. Nb5
Be5 27. g3 Kf6 28. Kg2 Kxf5 29. h3 h5 30. a4 Ke4 31. b4 b6 32. bxa5 bxa5 33. h4
f5 34. Kf2 Kd3 35. Kg2 Bxc3 36. Nxd6 Kc2 37. Nxf5 Kb3 38. Kf2 Kxa4 39. Nd6 Kb3
40. Ke3 a4 41. Kd3 a3 42. Nb5 Be1 43. Nd4+ Kb2 44. Ne2 a2 45. Ke4 a1=Q 46. Kf5
Qa5+ 47. Kg6 Qe5 48. Nf4 Qe8+ 49. Kg5 Bd2 50. Kf5 Bxf4 51. Kxf4 Qf7+ 52. Kg5
Kc3 53. Kh6 Kd4 54. Kg5 Ke3 55. Kh6 Ke4 56. Kg5 Ke5 57. Kh6 Ke6 58. Kg5 Qf6+
59. Kxh5 Qf3 60. Kg5 Qxg3 61. h5 Qh3 62. h6 Qxh6+ 63. Kxh6 g3 0-1

[Event "65. BEM 2011"]
[Site "Dortmund"]
[Date "2011.02.17"]
[Round "6.21"]
[White "Müller, Carsten"]
[Black "Rabe, Mark"]
[Result "1-0"]
[WhiteElo "1299"]
[BlackElo "998"]
[PlyCount "69"]
[EventDate "2011.??.??"]
[Source "SG Dortmund"]
[SourceDate "2004.12.16"]

1. d4 e6 2. c4 d5 3. Nc3 Nf6 4. Bg5 Be7 5. Bxf6 Bxf6 6. Nf3 c6 7. e3 Qa5 8. a3
Nd7 9. b4 Qc7 10. Rc1 b6 11. cxd5 cxd5 12. Nxd5 Qd8 13. Nc7+ Kf8 14. Nxa8 Be7
15. Nc7 a5 16. Ba6 Nf6 17. Bxc8 Qxc8 18. Nd5 Qa6 19. Nxe7 Kxe7 20. Qe2 Qxe2+
21. Kxe2 Kd6 22. Ne5 Rf8 23. Rc6+ Kd5 24. bxa5 bxa5 25. Rc5+ Ke4 26. f3+ Kf5
27. Nd7+ Nd5 28. Nxf8 h5 29. e4+ Kf4 30. exd5 g5 31. dxe6 g4 32. exf7 gxf3+ 33.
gxf3 a4 34. Re5 h4 35. Ng6# 1-0

[Event "65. BEM 2011"]
[Site "Dortmund"]
[Date "2011.02.17"]
[Round "6.22"]
[White "Riepe, Markus"]
[Black "Jentzsch, Werner Wilfried"]
[Result "0-1"]
[WhiteElo "839"]
[BlackElo "1301"]
[PlyCount "80"]
[EventDate "2011.??.??"]
[Source "SG Dortmund"]
[SourceDate "2004.12.16"]

1. e4 e6 2. d4 d6 3. Nf3 Ne7 4. Nc3 g6 5. e5 dxe5 6. Nxe5 Nbc6 7. Bb5 Bd7 8.
Nxd7 Qxd7 9. Be3 a6 10. Ba4 b5 11. Bb3 Nf5 12. d5 Ne5 13. dxe6 Qxd1+ 14. Rxd1
Nxe3 15. fxe3 fxe6 16. O-O Bc5 17. Bxe6 Bxe3+ 18. Kh1 Ke7 19. Bd5 c6 20. Bb3
Ng4 21. Rde1 Rhf8 22. Nd1 Rxf1+ 23. Rxf1 Rd8 24. h3 Rxd1 25. Rxd1 Nf2+ 26. Kh2
Nxd1 27. c4 Nxb2 28. cxb5 axb5 29. g3 b4 30. Bg8 h6 31. h4 c5 32. Bb3 c4 33.
Bc2 Kf6 34. Kg2 Nd3 35. Kf3 Ne1+ 36. Kxe3 Nxc2+ 37. Ke4 g5 38. Kd5 b3 39. hxg5+
hxg5 40. Kxc4 bxa2 0-1

[Event "65. BEM 2011"]
[Site "Dortmund"]
[Date "2011.02.17"]
[Round "6.23"]
[White "Reker, Gerhard"]
[Black "Wangrin, Stefan A"]
[Result "0-1"]
[WhiteElo "724"]
[BlackElo "1157"]
[PlyCount "78"]
[EventDate "2011.??.??"]
[Source "SG Dortmund"]
[SourceDate "2004.12.16"]

1. e4 e5 2. d4 c6 3. dxe5 Qa5+ 4. Qd2 Qxe5 5. Qd3 Nf6 6. Nc3 Bb4 7. Bd2 d5 8.
Nf3 Qe7 9. e5 Bxc3 10. Bxc3 Ne4 11. Be2 Na6 12. O-O Nxc3 13. Qxc3 Qb4 14. Qxb4
Nxb4 15. c3 Na6 16. a3 Nc5 17. b4 Ne4 18. Rac1 b5 19. Bd3 Bf5 20. Bxe4 Bxe4 21.
Ng5 Bf5 22. Rce1 Ke7 23. Re3 h6 24. Nf3 Rhc8 25. Rfe1 a5 26. Nd4 Be6 27. Rg3 g6
28. Rd3 Rc7 29. Nxe6 Kxe6 30. f4 axb4 31. axb4 Ra3 32. Rf3 c5 33. c4 Rxf3 34.
gxf3 dxc4 35. bxc5 c3 36. Rc1 Rxc5 37. Kf1 c2 38. Ke2 b4 39. Kd3 b3 0-1

[Event "65. BEM 2011"]
[Site "Dortmund"]
[Date "2011.02.17"]
[Round "6.24"]
[White "Da Costa, Pablo"]
[Black "Wilkins, Petra"]
[Result "1-0"]
[WhiteElo "1083"]
[BlackElo "778"]
[PlyCount "49"]
[EventDate "2011.??.??"]
[Source "SG Dortmund"]
[SourceDate "2004.12.16"]

1. e4 e5 2. Nf3 d6 3. Bc4 Qe7 4. Nc3 Nf6 5. d4 Nc6 6. a3 a5 7. Be3 g6 8. Ng5
Be6 9. d5 Ng4 10. Qd2 h6 11. Nxe6 Nxe3 12. Qxe3 Nb8 13. Nxf8 Kxf8 14. O-O-O Nd7
15. f4 Kg7 16. fxe5 Nxe5 17. Ba2 Ng4 18. Qd4+ Kh7 19. h3 Qg5+ 20. Kb1 Ne3 21.
Rde1 Nxg2 22. Rhg1 Qh4 23. Ref1 Qxh3 24. Rxf7+ Kg8 25. Qg7# 1-0

[Event "65. BEM 2011"]
[Site "Dortmund"]
[Date "2011.02.21"]
[Round "7.1"]
[White "Kropp, Andreas"]
[Black "Kohlweyer, Bernd"]
[Result "0-1"]
[WhiteElo "1951"]
[BlackElo "2459"]
[PlyCount "59"]
[EventDate "2011.??.??"]
[Source "SG Dortmund"]
[SourceDate "2004.12.16"]

1. c4 c5 2. g3 g6 3. d4 cxd4 4. Qxd4 Nf6 5. Nc3 Nc6 6. Qd2 Bg7 7. Bg2 O-O 8.
Nh3 a6 9. O-O Rb8 10. Rd1 d6 11. Nf4 Bd7 12. a4 Na5 13. Qd3 Ng4 14. c5 Nb3 15.
cxd6 Nxa1 16. dxe7 Qxe7 17. Qxd7 Qxd7 18. Rxd7 Nb3 19. Be3 Nxe3 20. fxe3 Nc5
21. Rc7 Rfc8 22. Rxc8+ Rxc8 23. Nfd5 Kf8 24. Kf2 Bxc3 25. Nxc3 a5 26. Bd5 f5
27. Kf3 Ke7 28. b3 Nxb3 29. Nb5 Nc5 30. e4 {
und Weiss gab auf, ohne die Antwort des Gegners abzuwarten ...} 0-1

[Event "65. BEM 2011"]
[Site "Dortmund"]
[Date "2011.02.21"]
[Round "7.2"]
[White "Zelt, Jens"]
[Black "Begna, Bozidar"]
[Result "1-0"]
[WhiteElo "2013"]
[BlackElo "1932"]
[PlyCount "143"]
[EventDate "2011.??.??"]
[Source "SG Dortmund"]
[SourceDate "2004.12.16"]

1. d4 Nf6 2. e3 d5 3. Bd3 e6 4. c3 c5 5. Nd2 Nc6 6. f4 Bd6 7. Qf3 g6 8. Nh3 Nh5
9. O-O Ng7 10. Kh1 cxd4 11. exd4 Bd7 12. Re1 Qh4 13. Re2 O-O 14. Nf1 a6 15. Bd2
b5 16. a3 Na5 17. Ne3 Nc4 18. Be1 Qd8 19. Ng4 h5 20. Ne5 Be7 21. Bf2 a5 22. g4
Nxe5 23. fxe5 b4 24. gxh5 Nxh5 25. Rg1 Ng7 26. axb4 axb4 27. Nf4 bxc3 28. bxc3
Ra3 29. Be1 Ra1 30. Qg3 Be8 31. Reg2 Nf5 32. Bxf5 exf5 33. Qh3 Bg5 34. Rxg5
Rxe1 35. Qxf5 Rxg1+ 36. Rxg1 Qh4 37. Qg5 Qf2 38. Qg3 Qc2 39. h4 Bd7 40. Rg2 Qe4
41. Kh2 Bf5 42. Nh5 Qd3 43. Nf6+ Kg7 44. Qxd3 Bxd3 45. Ra2 Rh8 46. Kg3 g5 47.
hxg5 Kg6 48. Ra7 Bf5 49. Nxd5 Kxg5 50. Rc7 Rh3+ 51. Kg2 Be6 52. Nf6 Rd3 53. Kf2
Kf4 54. Ke2 Rh3 55. Kd2 Bf5 56. Nd5+ Ke4 57. Nb4 Be6 58. Kc2 Rh2+ 59. Kc1 Rg2
60. Rc5 Bb3 61. Rc8 Rh2 62. Re8 Rg2 63. Rh8 Kf5 64. Rh3 Ke4 65. Rd3 Bc4 66. Rd2
Rg1+ 67. Kb2 Ke3 68. Rh2 Rf1 69. Rh3+ Kd2 70. Rh4 Rf2 71. d5 Re2 72. Rxc4 1-0

[Event "65. BEM 2011"]
[Site "Dortmund"]
[Date "2011.02.21"]
[Round "7.3"]
[White "Büchle, Manfred"]
[Black "Grube, Jörg"]
[Result "1-0"]
[WhiteElo "1853"]
[BlackElo "1853"]
[PlyCount "89"]
[EventDate "2011.??.??"]
[Source "SG Dortmund"]
[SourceDate "2004.12.16"]

1. e4 c5 2. Nf3 d6 3. d4 cxd4 4. Nxd4 Nf6 5. Nc3 g6 6. Be2 Bg7 7. Be3 O-O 8.
O-O Nc6 9. f4 Qb6 10. Na4 Qa5 11. Nc3 Nxd4 12. Bxd4 Qb4 13. a3 Qa5 14. Bf3 e5
15. b4 Qc7 16. Nb5 Qb8 17. fxe5 dxe5 18. Bc5 a6 19. Bxf8 Bxf8 20. Nc3 b5 21.
Nd5 Ne8 22. Qd2 Ra7 23. Qf2 Be6 24. Rfd1 Nd6 25. Qh4 h6 26. Nf6+ Kg7 27. Nd5
Nc4 28. Qf2 Rb7 29. c3 Rd7 30. a4 Nd6 31. axb5 Nxb5 32. Be2 f5 33. Rxa6 Bxd5
34. Rxd5 Rxd5 35. exd5 Nxc3 36. Qa7+ Qxa7+ 37. Rxa7+ Kf6 38. Ra6+ Kf7 39. Bc4
Bxb4 40. Kf1 Ne4 41. d6+ Kf6 42. d7+ Ke7 43. Bb5 Bd6 44. Ra8 Bc7 45. Re8+ 1-0

[Event "65. BEM 2011"]
[Site "Dortmund"]
[Date "2011.02.21"]
[Round "7.4"]
[White "Brockmann, Michael"]
[Black "Jähnicke, Karl-Heinz"]
[Result "1-0"]
[WhiteElo "2062"]
[BlackElo "1694"]
[PlyCount "61"]
[EventDate "2011.??.??"]
[Source "SG Dortmund"]
[SourceDate "2004.12.16"]

1. d4 d5 2. c4 e6 3. Nc3 Nf6 4. Bg5 Be7 5. Nf3 h6 6. Bh4 c6 7. e3 Nbd7 8. Qc2
Nh5 9. Bxe7 Qxe7 10. Be2 Nhf6 11. O-O O-O 12. e4 dxe4 13. Nxe4 Nxe4 14. Qxe4
Nf6 15. Qf4 Re8 16. Rad1 c5 17. Ne5 Qc7 18. Bf3 a5 19. Rd2 Ra6 20. Rfd1 Rd6 21.
dxc5 Rxd2 22. Rxd2 Qxc5 23. a3 Qc7 24. Qd4 Re7 25. Qd8+ Kh7 26. Kf1 g6 27. Qf8
Nd5 28. cxd5 exd5 29. Rxd5 Qc1+ 30. Rd1 Qc5 31. Rd8 1-0

[Event "65. BEM 2011"]
[Site "Dortmund"]
[Date "2011.02.21"]
[Round "7.5"]
[White "Dreier, Daniel"]
[Black "Hellwig, Thomas"]
[Result "0-1"]
[WhiteElo "1841"]
[BlackElo "1886"]
[PlyCount "102"]
[EventDate "2011.??.??"]
[Source "SG Dortmund"]
[SourceDate "2004.12.16"]

1. f4 Nf6 2. Nf3 g6 3. Nc3 d5 4. e3 Bg7 5. d4 O-O 6. Be2 Bf5 7. Ne5 Ne4 8. Bf3
Nxc3 9. bxc3 f6 10. Ng4 c6 11. O-O Bxg4 12. Bxg4 f5 13. Be2 Nd7 14. Bd3 Rf7 15.
Rb1 b5 16. Bd2 e6 17. Ra1 Nb6 18. Qf3 Bf6 19. g4 Be7 20. Kh1 a6 21. Rg1 Rc8 22.
Rg2 Qd7 23. h4 Kh8 24. g5 Bd6 25. h5 Rg8 26. Rh2 Rfg7 27. Kg2 gxh5 28. Rxh5 Rg6
29. Rah1 R8g7 30. Qh3 Kg8 31. Kf2 c5 32. Be2 cxd4 33. Rh4 Nc4 34. Bc1 dxe3+ 35.
Bxe3 Nxe3 36. Qxe3 Qc7 37. Kf3 e5 38. Rh6 e4+ 39. Kg2 Bxf4 40. Qd4 Rxg5+ 41.
Kf1 Qd7 42. Rxa6 Qb7 43. Rb6 Qa8 44. Rxb5 Qxa2 45. Rxd5 Qa1+ 46. Bd1 h5 47. Qf6
Kh7 48. Kf2 Qc1 49. Qd4 Be3+ 50. Qxe3 Rg2+ 51. Kf1 Qxe3 0-1

[Event "65. BEM 2011"]
[Site "Dortmund"]
[Date "2011.02.21"]
[Round "7.6"]
[White "Simon, Thomas"]
[Black "Vojdani, Bahram"]
[Result "1/2-1/2"]
[WhiteElo "1870"]
[BlackElo "1596"]
[PlyCount "102"]
[EventDate "2011.??.??"]
[Source "SG Dortmund"]
[SourceDate "2004.12.16"]

1. Nf3 Nf6 2. g3 d5 3. c4 e6 4. d4 c6 5. Bg2 Bb4+ 6. Bd2 Be7 7. O-O O-O 8. Nc3
Nbd7 9. Qc2 a6 10. b3 Re8 11. e4 dxc4 12. bxc4 e5 13. d5 cxd5 14. cxd5 Qc7 15.
Rac1 b5 16. Qb1 Qb8 17. Nh4 Nc5 18. Nd1 Bd7 19. Ne3 g6 20. Ba5 Bd6 21. Kh1 Qa7
22. h3 Rac8 23. g4 Qb8 24. Bf3 b4 25. Bxb4 Nfxe4 26. Nc4 Be7 27. Bxe4 Nxe4 28.
Bxe7 Qxb1 29. Rxb1 Rxc4 30. Bb4 Bb5 31. Rfc1 Nxf2+ 32. Kg2 Rxc1 33. Rxc1 Nd3
34. Rb1 Rd8 35. Be7 Rxd5 36. g5 Rd7 37. Bf6 Rb7 38. Rd1 Bc6+ 39. Kg3 e4 40. Ng2
Kf8 41. Ne3 Ba4 42. Rh1 Rb6 43. h4 h5 44. Rf1 Bd7 45. Nc4 Rc6 46. Ne5 Nxe5 47.
Bxe5 Ke8 48. Bf6 Rc8 49. Rd1 Bb5 50. Rd4 Bd3 51. Kf4 Kf8 1/2-1/2

[Event "65. BEM 2011"]
[Site "Dortmund"]
[Date "2011.02.21"]
[Round "7.7"]
[White "Stukemeier, Ralf"]
[Black "Benke, Werner"]
[Result "0-1"]
[WhiteElo "1779"]
[BlackElo "1543"]
[PlyCount "24"]
[EventDate "2011.??.??"]
[Source "SG Dortmund"]
[SourceDate "2004.12.16"]

1. e4 e6 2. d4 d5 3. Nc3 g6 4. Nf3 Bg7 5. e5 Ne7 6. h4 h5 7. Bg5 Nd7 8. g4 c5
9. Nb5 hxg4 10. Nh2 cxd4 11. Nxg4 Nxe5 12. Qxd4 Nf3+ 0-1

[Event "65. BEM 2011"]
[Site "Dortmund"]
[Date "2011.02.21"]
[Round "7.8"]
[White "Hoppe, Dirk"]
[Black "Schiefelbusch, Dirk"]
[Result "1/2-1/2"]
[WhiteElo "1815"]
[BlackElo "2070"]
[PlyCount "42"]
[EventDate "2011.??.??"]
[Source "SG Dortmund"]
[SourceDate "2004.12.16"]

1. e4 d5 2. exd5 Qxd5 3. Nc3 Qd6 4. d4 Nf6 5. Nf3 Bg4 6. h3 Bh5 7. g4 Bg6 8.
Ne5 Nbd7 9. Bf4 Qb6 10. Na4 Qa5+ 11. c3 O-O-O 12. Qb3 Nxe5 13. Bxe5 Be4 14. Rg1
Bc6 15. Nc5 e6 16. Nd3 Nd5 17. Qc2 Bd6 18. Bxd6 cxd6 19. Bg2 Rhe8 20. Kf1 Qa6
21. c4 Nc7 {(=)} 1/2-1/2

[Event "65. BEM 2011"]
[Site "Dortmund"]
[Date "2011.02.21"]
[Round "7.9"]
[White "Schulz-Runge, Michael"]
[Black "Zachos, Ingo"]
[Result "0-1"]
[WhiteElo "1766"]
[BlackElo "1999"]
[PlyCount "70"]
[EventDate "2011.??.??"]
[Source "SG Dortmund"]
[SourceDate "2004.12.16"]

1. e4 d6 2. f4 Nf6 3. Nf3 Nxe4 4. Bc4 d5 5. Qe2 Nc5 6. Bb3 c6 7. d4 Ne4 8. Nbd2
Bf5 9. c3 e6 10. Nxe4 Bxe4 11. Ng5 Bg6 12. h4 h6 13. Nf3 Bh5 14. Qe5 Bxf3 15.
gxf3 Nd7 16. Qe2 Bd6 17. Be3 Qc7 18. Qd2 O-O-O 19. O-O-O h5 20. Rhg1 g6 21. Bc2
Rhf8 22. Bd3 Kb8 23. Kb1 Rc8 24. Rc1 Rfe8 25. Rc2 Nf6 26. Rgc1 Qd7 27. Qg2 Ng8
28. c4 dxc4 29. Rxc4 Ne7 30. Be4 Nd5 31. Qd2 Qc7 32. Ra4 Nxe3 33. Qxe3 Bxf4 34.
Qa3 Bxc1 35. Rxa7 Qb6 0-1

[Event "65. BEM 2011"]
[Site "Dortmund"]
[Date "2011.02.21"]
[Round "7.10"]
[White "Schütte, Tobias"]
[Black "Duschek, Günter"]
[Result "1-0"]
[WhiteElo "1897"]
[BlackElo "1609"]
[PlyCount "49"]
[EventDate "2011.??.??"]
[Source "SG Dortmund"]
[SourceDate "2004.12.16"]

1. e4 d5 2. d4 dxe4 3. Nc3 Nf6 4. f3 exf3 5. Nxf3 Bg4 6. Bc4 e6 7. Bg5 Be7 8.
h3 Bh5 9. g4 Bg6 10. Qe2 O-O 11. Bxf6 Bxf6 12. O-O-O c6 13. h4 h6 14. g5 hxg5
15. hxg5 Bxg5+ 16. Kb1 Bh6 17. Rdg1 Qf6 18. Ne5 Bf5 19. Ne4 Bxe4 20. Ng4 Qf3
21. Nxh6+ Kh7 22. Nf5+ Qxh1 23. Rxh1+ Bxh1 24. Qh5+ Kg8 25. Ne7# 1-0

[Event "65. BEM 2011"]
[Site "Dortmund"]
[Date "2011.02.21"]
[Round "7.11"]
[White "Horenburg, Oliver"]
[Black "Schultz, Bernfried"]
[Result "1-0"]
[WhiteElo "1785"]
[BlackElo "1692"]
[PlyCount "93"]
[EventDate "2011.??.??"]
[Source "SG Dortmund"]
[SourceDate "2004.12.16"]

1. d4 Nf6 2. Nf3 e6 3. e3 d5 4. Bd3 Be7 5. Nbd2 O-O 6. O-O Nbd7 7. Qe2 c5 8. c3
b6 9. e4 dxe4 10. Nxe4 Bb7 11. Nxf6+ Nxf6 12. dxc5 Bxc5 13. Bg5 Be7 14. Rad1
Qc7 15. Bxf6 Bxf6 16. Bb1 Rfd8 17. a3 a5 18. Qe3 Rd5 19. Rxd5 Bxd5 20. h3 Rc8
21. Re1 Qc6 22. Be4 Bxe4 23. Qxe4 Qb5 24. Qc2 Qc5 25. Re3 b5 26. Qe2 b4 27.
axb4 axb4 28. cxb4 Qxb4 29. b3 Rc1+ 30. Kh2 Qb8+ 31. g3 Qa8 32. Qb5 g6 33. Qa4
Qd5 34. b4 Bd4 35. Rd3 Qe4 36. Qa3 Ra1 37. Rxd4 Qb1 38. Rd8+ Kg7 39. Qc3+ Kh6
40. Qe3+ Kg7 41. Qe5+ Kh6 42. g4 Qf1 43. Kg3 Ra2 44. Qe3+ Kg7 45. g5 Re2 46.
Qd4+ e5 47. Qb6 1-0

[Event "65. BEM 2011"]
[Site "Dortmund"]
[Date "2011.02.21"]
[Round "7.12"]
[White "Völler, Lothar"]
[Black "Sonntag, Joachim"]
[Result "0-1"]
[WhiteElo "1492"]
[BlackElo "1826"]
[PlyCount "76"]
[EventDate "2011.??.??"]
[Source "SG Dortmund"]
[SourceDate "2004.12.16"]

1. e4 c5 2. Nf3 Nc6 3. d4 cxd4 4. Nxd4 e6 5. Nc3 a6 6. Be3 Nf6 7. f3 Bb4 8. Be2
d5 9. Nxc6 bxc6 10. exd5 cxd5 11. Qd4 Bd6 12. Bf4 O-O 13. Bxd6 Qxd6 14. Ne4
Nxe4 15. fxe4 Qf4 16. Bf3 Bb7 17. O-O Rab8 18. g3 Qg5 19. exd5 Bxd5 20. c4 Bxf3
21. Rxf3 e5 22. Qe3 Qxe3+ 23. Rxe3 Rxb2 24. Rxe5 Rc2 25. Ra5 Ra8 26. Rd1 Kf8
27. c5 g6 28. Rd6 Rb8 29. Rd1 Rbb2 30. Rxa6 Rg2+ 31. Kh1 Rxh2+ 32. Kg1 Rhg2+
33. Kh1 Rxg3 34. c6 Rc2 35. a4 Ra3 36. a5 Kg7 37. Rf1 Raa2 38. Rd1 Ra3 {
Rest unleserlich} 0-1

[Event "65. BEM 2011"]
[Site "Dortmund"]
[Date "2011.02.21"]
[Round "7.13"]
[White "Raabe, Hans-Ulrich"]
[Black "Raskin, Vitali"]
[Result "1/2-1/2"]
[WhiteElo "1468"]
[BlackElo "1749"]
[PlyCount "105"]
[EventDate "2011.??.??"]
[Source "SG Dortmund"]
[SourceDate "2004.12.16"]

1. e4 e5 2. Nf3 Nc6 3. Bb5 a6 4. Ba4 d6 5. d4 exd4 6. Nxd4 Bd7 7. Nxc6 Bxc6 8.
Bxc6+ bxc6 9. Nc3 g6 10. O-O Bg7 11. Qf3 Qf6 12. Qxf6 Nxf6 13. Re1 Nd7 14. Bd2
O-O 15. Rab1 Rab8 16. a3 Ne5 17. b3 f5 18. h3 f4 19. f3 h5 20. Ne2 g5 21. Kf2
Rb5 22. Rec1 d5 23. a4 Rb7 24. exd5 cxd5 25. Bc3 c5 26. Bxe5 Bxe5 27. Rd1 Rd8
28. Rd3 c4 29. Rdd1 Rc7 30. Nd4 cxb3 31. cxb3 Bxd4+ 32. Rxd4 Rc2+ 33. Kf1 Kf7
34. b4 Ke6 35. b5 axb5 36. axb5 Kd6 37. Rxd5+ Kxd5 38. Rd1+ Kc4 39. Rxd8 Kxb5
40. Rd5+ Rc5 41. Rd2 Kb4 42. Kf2 Kc3 43. Rd6 Ra5 44. Rc6+ Kd4 45. Rc2 Kd3 46.
Rb2 Rc5 47. Ra2 Rc2+ 48. Rxc2 Kxc2 49. Ke2 Kc3 50. Ke1 Kd3 51. Kd1 Ke3 52. Ke1
h4 53. Kf1 1/2-1/2

[Event "65. BEM 2011"]
[Site "Dortmund"]
[Date "2011.02.21"]
[Round "7.14"]
[White "Ziemek, Gerhard"]
[Black "Tekin, Baran"]
[Result "1-0"]
[WhiteElo "1638"]
[BlackElo "1481"]
[PlyCount "67"]
[EventDate "2011.??.??"]
[Source "SG Dortmund"]
[SourceDate "2004.12.16"]

1. d4 Nf6 2. Nc3 g6 3. e4 d6 4. Bd3 Nbd7 5. f4 c5 6. d5 a6 7. a4 Bg7 8. Nf3 O-O
9. O-O Qc7 10. Qe2 Re8 11. e5 dxe5 12. fxe5 Ng4 13. e6 Nde5 14. Bf4 f5 15. Rae1
Nxf3+ 16. Rxf3 Qb6 17. Kh1 Qxb2 18. Nd1 Qb4 19. h3 Nf6 20. c4 Qxa4 21. Bd2 Ne4
22. Bxe4 fxe4 23. Qxe4 Qa1 24. Rf7 Bf6 25. Nf2 Qd4 26. Qe2 b5 27. Ng4 bxc4 28.
Bh6 Qxd5 29. Rxf6 Qd3 30. Qf2 Bb7 31. Rf7 Qd4 32. Qf1 Be4 33. Rg7+ Qxg7 34.
Bxg7 1-0

[Event "65. BEM 2011"]
[Site "Dortmund"]
[Date "2011.02.21"]
[Round "7.15"]
[White "Gerke, Dieter"]
[Black "Dite, Alexander"]
[Result "0-1"]
[WhiteElo "1442"]
[BlackElo "1593"]
[PlyCount "74"]
[EventDate "2011.??.??"]
[Source "SG Dortmund"]
[SourceDate "2004.12.16"]

1. Nf3 d5 2. d4 Nf6 3. g3 Bf5 4. Bg2 e6 5. O-O Be7 6. c4 c6 7. cxd5 exd5 8. Qb3
Qb6 9. Qxb6 axb6 10. Nc3 O-O 11. Bf4 Nbd7 12. Rfe1 Bb4 13. Rec1 Rfe8 14. Ne5
Nxe5 15. Bxe5 Nd7 16. e4 Bxc3 17. Rxc3 Bxe4 18. Bxe4 dxe4 19. Bf4 Nf6 20. Bc7
Nd5 21. Bd6 Nxc3 22. bxc3 e3 23. fxe3 Rxe3 24. Bb4 Re2 25. a3 Rae8 26. Rb1 Re1+
27. Rxe1 Rxe1+ 28. Kg2 f5 29. Kf2 Re4 30. Kf3 Kf7 31. h3 Ke6 32. Bf8 g6 33. g4
Kd5 34. Bb4 Kc4 35. gxf5 gxf5 36. a4 c5 37. dxc5 bxc5 0-1

[Event "65. BEM 2011"]
[Site "Dortmund"]
[Date "2011.02.21"]
[Round "7.16"]
[White "Grawe, Herbert"]
[Black "Gegner, Michael"]
[Result "0-1"]
[WhiteElo "1457"]
[BlackElo "1567"]
[PlyCount "72"]
[EventDate "2011.??.??"]
[Source "SG Dortmund"]
[SourceDate "2004.12.16"]

1. Nc3 e5 2. e4 f5 3. exf5 Nf6 4. Bc4 c6 5. d3 d5 6. Bb3 Bxf5 7. Nf3 Bd6 8. Ne2
Nbd7 9. Ng3 Bg4 10. a3 Nc5 11. Ba2 O-O 12. b4 Ncd7 13. h3 Bxf3 14. gxf3 Kh8 15.
Nf5 Bc7 16. Rg1 Rf7 17. Ke2 Qf8 18. Qf1 Nh5 19. Nh4 Bd8 20. Bg5 Bxg5 21. Rxg5
Nf4+ 22. Kd2 Rf6 23. Re1 Re8 24. c4 h6 25. Rg3 a5 26. cxd5 cxd5 27. d4 axb4 28.
Qb5 Qd6 29. Qxb7 g5 30. Rc1 gxh4 31. Rg4 exd4 32. Rc8 Rfe6 33. axb4 Qe5 34.
Rxe8+ Rxe8 35. Qb5 Qe1+ 36. Kc2 Qc3+ 0-1

[Event "65. BEM 2011"]
[Site "Dortmund"]
[Date "2011.02.21"]
[Round "7.17"]
[White "Schlepütz, Volker"]
[Black "Müller, Carsten"]
[Result "1-0"]
[WhiteElo "1326"]
[BlackElo "1299"]
[PlyCount "50"]
[EventDate "2011.??.??"]
[Source "SG Dortmund"]
[SourceDate "2004.12.16"]

1. d4 d5 2. Nf3 Nc6 3. Bf4 Nf6 4. e3 a6 5. Nbd2 Bg4 6. Be2 Bf5 7. c4 Nb4 8.
Qa4+ Nc6 9. cxd5 Nxd5 10. Bg3 Ndb4 11. e4 Bg4 12. d5 Bxf3 13. Nxf3 b5 14. Qb3
e6 15. dxc6 Nxc6 16. O-O Nd4 17. Nxd4 Qxd4 18. Rfd1 Qb6 19. Qd3 Qc6 20. Rac1
Bc5 21. b4 Bxf2+ 22. Bxf2 Qd6 23. Qxd6 cxd6 24. Rxd6 O-O 25. Rcd1 g6 1-0

[Event "65. BEM 2011"]
[Site "Dortmund"]
[Date "2011.02.21"]
[Round "7.18"]
[White "Dirks, Rainer"]
[Black "Reineke, Tobias"]
[Result "1/2-1/2"]
[WhiteElo "1258"]
[BlackElo "1430"]
[PlyCount "76"]
[EventDate "2011.??.??"]
[Source "SG Dortmund"]
[SourceDate "2004.12.16"]

1. c4 Nf6 2. Nc3 e6 3. e4 d5 4. d3 d4 5. Nce2 Nc6 6. Qa4 Bb4+ 7. Bd2 Bxd2+ 8.
Kxd2 Bd7 9. Nf3 Qe7 10. a3 O-O 11. b4 Ne5 12. Qb3 Nxf3+ 13. gxf3 e5 14. h4 h5
15. Bh3 b6 16. Bxd7 Nxd7 17. Ng3 g6 18. Rag1 Kh7 19. Ne2 c5 20. f4 exf4 21.
Nxf4 Qf6 22. Nh3 Ne5 23. Kc1 Kh8 24. f4 Nf3 25. e5 Qc6 26. Rf1 Nxh4 27. b5 Qb7
28. Ng5 Nf5 29. Rh3 Rae8 30. Ne4 Re6 31. Rfh1 Ng7 32. Qd1 f6 33. f5 Nxf5 34.
Rxh5+ gxh5 35. Qxh5+ Kg8 36. Qxf5 Re7 37. exf6 Rg7 38. Qe6+ Qf7 {
Dh3 u.Weiss gewinnt!} 1/2-1/2

[Event "65. BEM 2011"]
[Site "Dortmund"]
[Date "2011.02.21"]
[Round "7.19"]
[White "Vogt, Christian"]
[Black "Skoecz, Horst"]
[Result "1-0"]
[WhiteElo "1376"]
[BlackElo "1250"]
[PlyCount "113"]
[EventDate "2011.??.??"]
[Source "SG Dortmund"]
[SourceDate "2004.12.16"]

1. d4 Nf6 2. Bg5 Ne4 3. Bf4 d6 4. f3 Nf6 5. e4 Nh5 6. Be3 Nd7 7. f4 Nhf6 8. Nd2
e6 9. Ngf3 Ng4 10. Bg1 c6 11. h3 Nh6 12. Bc4 Nb6 13. Bb3 d5 14. e5 a5 15. a4
Nf5 16. Bf2 Be7 17. Qe2 Bh4 18. g4 Bxf2+ 19. Qxf2 Ne7 20. O-O Nd7 21. Nh4 Nf8
22. f5 b6 23. f6 g5 24. fxe7 Qxe7 25. Ng2 Ng6 26. Qf6 Qxf6 27. Rxf6 Ba6 28. c4
Ra7 29. Rc1 Rc7 30. cxd5 c5 31. dxe6 fxe6 32. Rxe6+ Kd8 33. Rxb6 Bb7 34. Rd6+
Kc8 35. Bd5 cxd4 36. Rxc7+ Kxc7 37. Bxb7 Kxb7 38. Nc4 Rc8 39. b3 Rc5 40. e6 Ne5
41. Nxe5 Rxe5 42. Rxd4 Rxe6 43. Rd7+ Kb6 44. Rxh7 Re5 45. Kf2 Rc5 46. Rh6+ Ka7
47. Re6 Rc3 48. Re3 Rc2+ 49. Kg3 Kb6 50. Ne1 Rb2 51. Nf3 Kc5 52. Nxg5 Kb4 53.
h4 Rxb3 54. Rxb3+ Kxb3 55. h5 Kxa4 56. h6 Kb3 57. h7 1-0

[Event "65. BEM 2011"]
[Site "Dortmund"]
[Date "2011.02.21"]
[Round "7.20"]
[White "Gennat, Egon L"]
[Black "Da Costa-Hoppe, Andreas"]
[Result "1/2-1/2"]
[WhiteElo "1318"]
[BlackElo "1040"]
[PlyCount "71"]
[EventDate "2011.??.??"]
[Source "SG Dortmund"]
[SourceDate "2004.12.16"]

1. d4 d5 2. c4 c6 3. Nc3 Nf6 4. Nf3 dxc4 5. a4 Bf5 6. Bg5 Nbd7 7. Bd2 h6 8. e3
e6 9. Bxc4 Bd6 10. O-O O-O 11. Re1 Ne4 12. Nxe4 Bxe4 13. Bc3 Nf6 14. Bd3 Qc7
15. h3 Qe7 16. Bxe4 Nxe4 17. Qd3 f5 18. Nd2 Nxd2 19. Qxd2 Rad8 20. Qe2 e5 21.
dxe5 Bxe5 22. Red1 Qf6 23. Bxe5 Qxe5 24. Qc4+ Kh7 25. b3 Rd5 26. Rab1 Rfd8 27.
Qc2 Qe4 28. Qe2 f4 29. Rbc1 Rxd1+ 30. Rxd1 Rxd1+ 31. Qxd1 fxe3 32. f3 Qd5 33.
Qc2+ g6 34. Kf1 Qg5 35. Qd3 b5 36. Qd7+ 1/2-1/2

[Event "65. BEM 2011"]
[Site "Dortmund"]
[Date "2011.02.21"]
[Round "7.21"]
[White "Jentzsch, Werner Wilfried"]
[Black "Krüger, Inge"]
[Result "1-0"]
[WhiteElo "1301"]
[BlackElo "1246"]
[PlyCount "83"]
[EventDate "2011.??.??"]
[Source "SG Dortmund"]
[SourceDate "2004.12.16"]

1. d4 d5 2. Nc3 Nf6 3. Bf4 c6 4. Nf3 e6 5. a3 Be7 6. b4 O-O 7. e3 Nbd7 8. Bd3
Nh5 9. Bg3 Nxg3 10. hxg3 f5 11. g4 g6 12. gxf5 exf5 13. Ne2 Rf7 14. Nf4 Nf8 15.
Ne5 Rg7 16. Nh5 gxh5 17. Qxh5 Be6 18. Bxf5 Bxf5 19. Qxf5 Qe8 20. f4 Rd8 21.
O-O-O Rd6 22. g4 Rf6 23. Qh5 Qxh5 24. Rxh5 Bd6 25. g5 Rf5 26. Ng4 Rg6 27. Nh6+
Rxh6 28. Rxh6 Ng6 29. Rdh1 Rf7 30. Rf1 Bf8 31. Rh3 Ne7 32. Rfh1 Rg7 33. Kd2 Nf5
34. Kd3 Be7 35. Ke2 Bd6 36. Kf3 Re7 37. Kf2 Re4 38. Rxh7 Rxe3 39. Rh8+ Kf7 40.
R1h7+ Kg6 41. Rh6+ Nxh6 42. Rxh6+ 1-0